|
|
|
|
| LEADER |
00765nab a2200193 i 4500 |
| 001 |
acta23554 |
| 005 |
20210602122120.0 |
| 008 |
161017s1959 hu o 0|| ger d |
| 022 |
|
|
|a 0001-6721
|
| 040 |
|
|
|a SZTE Egyetemi Kiadványok Repozitórium
|b hun
|
| 041 |
|
|
|a ger
|
| 100 |
1 |
|
|a Bán Miklós
|
| 245 |
1 |
0 |
|a Absorptionsspektren von anorganischen Koordinationskomplexen IV.
|h [elektronikus dokumentum] :
|b Ergänzungen zur Interpretierung des Spektrums von Tetracyano-Nikkel (II) Ion /
|c Bán Miklós
|
| 260 |
|
|
|c 1959
|
| 300 |
|
|
|a 34-38
|
| 490 |
0 |
|
|a Acta physica et chemica
|v 5 No. 3-4
|
| 695 |
|
|
|a Természettudomány, Kémia
|
| 700 |
0 |
1 |
|a Horváth Erzsébet
|e aut
|
| 856 |
4 |
0 |
|u http://acta.bibl.u-szeged.hu/23554/1/phys_chem_005_fasc_003_004_034-038.pdf
|z Dokumentum-elérés
|